书目信息 |
| 题名: |
社会主义意识形态研究
|
|
| 作者: | 郑永廷 叶启绩 郭文亮 | |
| 分册: | ||
| 出版信息: | 广州 中山大学出版社 1999 |
|
| 页数: | 322 | |
| 开本: | 20cm | |
| 丛书名: | ||
| 单 册: | ||
| 中图分类: | B036 | |
| 科图分类: | ||
| 主题词: | 历史唯物主义 | |
| 电子资源: | ||
| ISBN: | 7-306-01528-1 | |
| 000 | 00611nam0 2200181 450 | |
| 001 | 0760515518 | |
| 005 | 20070817164835.51 | |
| 010 | @a7-306-01528-1@d¥18.00 | |
| 100 | @a20070817d km y0chiy0120 ea | |
| 101 | 0 | @achi |
| 200 | 1 | @a社会主义意识形态研究@Ashe hui zhu yi yi shi xing tai yan jiu@f郑永廷 叶启绩 郭文亮等@Fzheng yong ting ye qi ji guo wen liang deng |
| 210 | @a广州@c中山大学出版社@d1999 | |
| 215 | @a322@d20cm | |
| 606 | 0 | @a历史唯物主义 |
| 690 | @aB036@v3 | |
| 701 | 0 | @a郑永廷 叶启绩 郭文亮@Azheng yong ting ye qi ji guo wen liang |
| 801 | 0 | @aCN@bPFT@c20070817 |
| 905 | @a213230@dB036@eg27@f1 | |
| 社会主义意识形态研究/郑永廷 叶启绩 郭文亮等.-广州:中山大学出版社,1999 |
| 322;20cm |
| ISBN 7-306-01528-1:¥18.00 |
| ● |
| 相关链接 |
|
|
|
|
正题名:社会主义意识形态研究
索取号:B036/g27
 
预约/预借
| 序号 | 登录号 | 条形码 | 馆藏地/架位号 | 状态 | 备注 |
| 1 | 6500203 | 265002034 | 经管系资料室/ [索取号:B036/g27] | 在馆 |